00746nam a22002173a 450000500170000000800410001701000170005802000230007503500170009803500130011503700170012804000180014508200120016324501050017526000580028027000840033830000240042265500060044670000190045271000570047120051014160153.0050725t20052003nyu | 00| 0 eng d aB-317049-054 a8187326042c125.00 aB-317049-054 aB-358644 bUBH (vendor) adplbEnglish  a181.499 aCommentaries on living:cedited by D. Rajagopal bfirst series;from the notebooks of J. Krishnamurti aChennaibKrishnamurti Foundation India c2007 (repr.) aVasanta Vihar, 124, Greenways RoadbChennai-600 028mpublications@kfionline.org a262p. c23cm. (pbk) a. aRajagopal, D.  aCopyright Paperback Collection (Library of Congress)